|
|
|
|
| LEADER |
00000cam a2200000 a 4500 |
| 001 |
1/122729 |
| 008 |
210303s2008####cy | ||| |||| ||gre|| |
| 020 |
|
|
|a 9789963620647
|
| 040 |
|
|
|a GR-MyUa
|b gre
|c GR-MyUa
|e AACR2
|
| 041 |
0 |
|
|a gre
|
| 082 |
7 |
|
|a 889.19
|2 (23)
|
| 100 |
1 |
|
|a Σαββίδου-Θεοδούλου, Μόνα
|d 1949-
|
| 245 |
1 |
0 |
|a Το δέντρο στο σπίτι /
|c Μόνα Σαββίδου Θεοδούλου.
|
| 260 |
|
|
|a Λεμεσός :
|b Αρμίδα,
|c 2008.
|
| 300 |
|
|
|a 39 σ. ;
|c 20 εκ.
|
| 650 |
|
0 |
|a Greek poetry, Modern
|z Cyprus.
|
| 650 |
|
0 |
|a Greek poetry, Modern
|y 21st century.
|
| 852 |
|
|
|a INST
|b RHODES
|e 20210303
|h 889.19 ΣΑΒ
|p 005400041973
|q 005400041973
|t BK
|y 0
|
| 970 |
|
|
|a Μαρία
|b Κωτάκου
|z 3-3-2021.
|